| 000 | 00000nas 2200000za 4500 |
| 001 | 9.855623 |
| 003 | CaOODSP |
| 005 | 20221107155338 |
| 007 | cr ||||||||||| |
| 008 | 180420d19701984oncar p oss f0###a0eng|d |
| 022 | |y0575-979X |
| 040 | |aCaOODSP|beng |
| 041 | |aeng|afre |
| 043 | |an-cn--- |
| 086 | 1 |aCS47-204-PDF |
| 245 | 00|aSporting goods and toy industries |h[electronic resource] = |bFabrication d'articles de sport et de jouets. |
| 246 | 13|aFabrication d'articles de sport et de jouets |
| 260 | |aOttawa : |bStatistics Canada, Manufacturing and Primary Industries Division = Statistique Canada, Division des industries manufacturières et primaires, |c1972-1986. |
| 310 | |aAnnual |
| 362 | 0 |a1970-1984. |
| 490 | 0 |aAnnual census of manufactures = Recensement annuel des manufactures |
| 500 | |aCaption title. |
| 546 | |aText in English and French. |
| 550 | |aIssued 1979-1981 by Foods, Beverages, Textiles and Miscellaneous Industries Section; 1982 by Foods, Textiles, Chemicals and Miscellaneous Industries Section; 1983-1984 by Census of Manufactures Section. |
| 580 | |aMerged with: Miscellaneous manufacturing industries; Scientific and professional equipment industries; Signs and displays industry (Final); and, Jewellery and precious metal industries, to become: Other manufacturing industries. |
| 692 | 07|2gccst|aManufacturing industry |
| 692 | 07|2gccst|aToys |
| 692 | 07|2gccst|aSports |
| 710 | 1 |aCanada. |bDominion Bureau of Statistics. |bManufacturing and Primary Industries Division. |
| 710 | 1 |aCanada. |bStatistics Canada. |bFoods, Beverages, Textiles and Miscellaneous Industries Section. |
| 710 | 1 |aCanada. |bStatistics Canada. |bFoods, Textiles, Chemicals and Miscellaneous Industries Section. |
| 710 | 1 |aCanada. |bStatistics Canada. |bCensus of Manufactures Section. |
| 780 | 00|tSporting goods and toy industry |w(CaOODSP)9.855618 |
| 785 | 00|tOther manufacturing industries |w(CaOODSP)9.856756 |
| 792 | |tSporting goods and toy industries |efre|w(CaOODSP)9.855624 |